00431nam a2200133Ia 4500008004100000020001800041050002100059100003200080245004300112260003400155300002600189440003900215650004300254120721s9999 xx 000 0 und d a970-638-244-5 aPE1128 C927 2004 aCrews Peterson, Ingrid Anna aInglés 3 / Ingrid Ana Crews Peterson aMéxico : Nueva Imagen, 2004 a144 p. : il. ; 27 cm. aColección innovación educativa a1. Inglés - Estudio y enseñanzaÌ